Winners of every football league in Europe 2025 - Statistics

General Stats
  • This quiz has been taken 68 times
  • The average score is 24 of 47
Answer Stats
Country Answer % Correct
England Liverpool
95%
Ukraine Dynamo Kyiv
93%
France PSG
93%
Spain Barcelona
91%
Germany Bayern Munich
91%
Netherlands PSV
91%
Scotland Celtic
87%
Denmark Copenhagen
87%
Turkey Galatasaray
87%
Italy Napoli
87%
Portugal Sporting
87%
Greece Olympiacos
84%
Sweden Malmo
82%
Switzerland Basel
76%
Norway Bodo/Glimt
73%
Hungary Ferencvaros
69%
Czechia Slavia Prague
69%
Austria Sturm Graz
69%
Slovakia Slovan Bratislava
67%
Romania FCSB
62%
Bulgaria Ludogorets
60%
Poland Lech Poznan
55%
Belgium Union saint-Gilloise
53%
Cyprus Pafos
45%
Croatia Rijeka
45%
Belarus Dinamo Minsk
42%
Russia Krasnodar
42%
Latvia RFS
40%
Serbia Crvena Zvezda
38%
Slovenia Olimpija
31%
Lithuania Zalgiris
31%
Bosnia Zrinjski
25%
Ireland Shelbourne
24%
Iceland Breiðablik
22%
Luxembourg Differdange
22%
Albania Egnatia
22%
Finland KuPS
22%
Macedonia Shkendija
22%
Northern Ireland Larne
20%
Estonia Levadia
20%
San Marino Virtus
16%
Montenegro Buducnost Podgorica
13%
Kosovo Drita
13%
Moldova Milsami
11%
Andorra Inter Club d'Escaldes
9%
Wales New Saints
9%
Malta Silema
0%
No matching quizzes found
Score Distribution
Percent of People with Each Score
Percentile by Number Answered
Your Score History
You have not taken this quiz